000 01406cam a22003374a 4500
001 12370236
003 ARRUPE
005 20160315152904.0
008 010405s2001 inu b 000 0 eng
010 _a 2001002090
020 _a0253339936 (alk. paper)
040 _aDLC
_cDLC
_dDLC
041 1 _aeng
_hger
042 _apcc
050 0 0 _aB3279.H48
_bP4913 2001
082 0 0 _a193
_221
100 1 _aHeidegger, Martin,
_d1889-1976.
_922968
240 1 0 _aPhänomenologische Interpretationen zu Aristoteles.
_lEnglish
245 1 0 _aPhenomenological interpretations of Aristotle :
_binitiation into phenomenological research /
_cMartin Heidegger ; translated by Richard Rojcewicz.
260 _aBloomington, IN :
_bIndiana University Press,
_cc2001.
300 _axiv, 160 p. ;
_c25 cm.
440 0 _aStudies in Continental thought
_94942
500 _aTranslation of lectures presented at the University of Freiburg, winter 1921-1922.
504 _aIncludes bibliographical references.
650 0 _aPhilosophy.
_922969
650 0 _aPhenomenology.
_922970
650 0 _aAristotle.
_919874
906 _a7
_bcbc
_corignew
_d1
_eecip
_f20
_gy-gencatlg
942 _2lcc
_cMONOGRAPH
999 _c124382
_d124382